The tall building reference book

Bibliographic Details
Other Authors: Parker, Dave, Wood, Antony
Format: Book
Language:English
Published: New York : Routlrdge , 2013
Subjects:

MARC

LEADER 00000cam a2200000 7i4500
001 0000026697
005 20151222.0
008 07122015 xxua eng
020 |a 9780415780414 ,   |c RM600.00 
040 |a INS 
090 0 0 |a NA6230   |b T34 2013 
245 1 4 |a The tall building reference book   |c edited by Dave Parker and Antony Wood 
260 |a New York :   |b Routlrdge ,   |c 2013 
300 |a xiv,496p :   |b ill ;   |c 27cm. 
500 |a Includes bibliographical references and index 
650 0 |a Tall buildings 
700 1 |a Parker, Dave 
700 1 |a Wood, Antony 
999 |a 1000002476   |b BOOK   |c Open Shelf   |e Default branch